| 000 | 00946nam a22003497a 4500 | ||
|---|---|---|---|
| 005 | 20251023112413.0 | ||
| 008 | 150303b2013 xxu||||| |||| 00| 0 ES d | ||
| 020 | _a9789588381268 | ||
| 041 | _aESP | ||
| 082 | _a363.25 O96c3 | ||
| 100 |
_aOviedo Carmona, Robín David _929878 |
||
| 245 | _aCriminalística aplicada al lugar de los hechos | ||
| 250 | _a3 edición | ||
| 260 | _aColombia | ||
| 260 | _bIbáñez | ||
| 260 | _c2013 | ||
| 300 | _a182 páginas | ||
| 490 | _aInvestigación Criminal | ||
| 650 | _aCRIMINALISTICA | ||
| 650 | _aINVESTIGACIÓN | ||
| 650 | _aSITIO DEL SUCESO | ||
| 650 | _aMÉTODOS DE BUSQUEDA | ||
| 650 | _aEVIDENCIA FÍSICA | ||
| 650 | _aCLASIFICACIÓN DE PRUEBAS | ||
| 650 | _aMANEJO DE MATERIALES | ||
| 650 | _aCADENA DE CUSTODIA | ||
| 650 | _aBALÍSTICA | ||
| 650 | _aDACTILOSCOPIA | ||
| 650 | _aHUELLAS DACTILARES | ||
| 650 | _aINSPECCIÓN TÉCNICA DEL CADÁVER | ||
| 942 |
_cBK _2ddc |
||
| 999 |
_c3564 _d3564 |
||